000 00732nam a2200229 i 4500
001 6167
003 ES-MaACL
005 20230906144822.0
007 t|
008 890822s1983 sp ||||0| spa d
020 _a84-500-9169-1
080 _a351.77
080 _a613
100 1 _aO'Neill, Peter D.
_986357
245 1 3 _aLa Salud en peligro el año 2000 /
_cPeter D. O'Neill.
260 _aMadrid :
_bMinisterio de Sanidad y Consumo, Servicio de Publicaciones,
_cD.L. 1983.
300 _aXV, 172 p. :
_bil. ;
_c24 cm.
504 _aBibliogr.: p. 168-171.
650 1 4 _aHigiene-
_xAspectos sociales.
_913348
710 1 _aEspaña.
_bMinisterio de Sanidad y Consumo.
_93923
852 _aES-MaACL
_jL-13360
_bR.115617
_z. - rust.
999 _c6167
_d6167